Drag Race France queens by entrance line - Statistiques

Statistiques générales
  • Ce quiz a été pris 866 fois
    647 depuis la dernière actualisation
  • Le résultat moyen est 22 sur 31
Statistiques - réponses
Hint Réponse % Correct
J'aime mes ampoules comme j'aime mes concurrentes : LED. Punani
92%
Hold on, Hold on, Hold on, Let me tell you something... COUNIA MANMANW! Fallait que ça sorte, Hi babies. Ouh il est mignon lui. Soa de Muse
89%
Mais elle est folle ?! Non, elle est Forever, baby ! Sara Forever
88%
Drag Race France, je suis arrivée. ¡Un escándalo absoluto! Perseo
87%
Oh! Les dindes sont de sortie, alors... Bon appétit! La Big Bertha
86%
Chic. Chic. Chic. Ooooh... Chic. Kam Hugh
85%
Je suis la plus grosse pétale de cette compétition ! Et qui s'y frotte s'y pique ! Rose
85%
Oté ! Volcan sa pété ! Norma Bell
83%
Hello bitches, cette saison 2 promet d'être pleine de courbe et sans détour ! Ginger Bitch
82%
Qui a dit que les nuits étaient faites pour dormir ? Moon
81%
Tremblez de joie, tremblez d'effroi, la voici: *réponse*. Keiona
79%
Grand-mère c'est moi, Anastasia! Elips
75%
Alors ? En balai ? Lula Strega
75%
Y'a t-il trop de lumière ou c’est moi qui suis complètement allumée ? Le Filip
74%
Les vraies bitches n'ont jamais froid. Ah-Atchoum ! Mami Watta
74%
Maman m'a toujours dit on ne joue pas avec le feu. Mais maman... je suis le feu! La Kahena
73%
Je sens que cette première saison va être transcendante. La Briochée
71%
Ne laissez pas tomber votre nation, le disco a besoin de vous ! Vespi
71%
C'est gonflé d'essayer de prendre ma couronne! Magnetica
70%
Oh, et les looks ? C'est même pas mon point fort. Piche
65%
Bonsoir, les enfants. Maman est là. Cookie Kunty
64%
Alors ? Prêts à embarquer dans le *réponse*...ship ? Attachez vos ceintures, bitches ! Kitty Space
64%
Wesh. Afrodite Amour
62%
Est-ce que j'suis belle ? ...Bah ouais ! Ruby On The Nail
60%
Mesdames et Messieurs... SHOWTIME! Lolita Banana
54%
Je ne suis pas naturelle, je suis mieux ! Misty Phoenix
54%
Hey gays! La Grande Dame
52%
Préparez-vous pour une avalanche de frissons ! Leona Winter
50%
Je suis toute mouillée... de vos larmes. Edeha Noire
47%
En français, s'il vous plaît. Paloma
47%
Ne tremblez pas trop les filles, je ne fais qu'arriver. Lova Ladiva
36%
Aucun quiz correspondant
Distribution des résultats
% des personnes avec chaque résultat
Percentile par nombre de réponses
Votre historique - résultats
Vous n’avez pas pris ce quiz depuis la dernière actualisation